| 000 | 00828nam a22001337a 4500 | ||
|---|---|---|---|
| 040 | _cRUA | ||
| 082 | _aAGR SUO 2007 B048 Or.1 | ||
| 100 | _aSUON, PAGNASAK. | ||
| 245 | _aEffect of rhizobium and nitrogen feryilizer application on soybean in the crop station of the royal university of agriculture ប្រសិទ្ធភាពនៃការប្រើប្រាស់ម្សៅរីសូប្យ៉ូមនិងជីអាសូតលើដំណាំសណ្ដែកសៀងក្នុងស្ថានីយ៏ដំណាំនៃសាកលវិទ្យាល័យភូមិន្ទកសិកម្ម | ||
| 260 |
_aPhnom Penh _bRUA _c2007 |
||
| 300 |
_axii, 65p. _bill. _c29cm. |
||
| 856 | _uhttps://drive.google.com/file/d/1TVODZ2g-5JqGf0e7LOxOnsWfzjKMCZPJ/view?usp=sharing | ||
| 942 | _cAGR | ||
| 999 |
_c1106 _d1106 |
||